|
|
|
|
| LEADER |
01305nam a2200349 a 4500 |
| 001 |
33255 |
| 003 |
BD-DhAAL |
| 005 |
20180707120942.0 |
| 008 |
180707t1998 nyu 000 1 eng d |
| 999 |
|
|
|c 39575
|d 39575
|
| 010 |
|
|
|a 98024308
|
| 020 |
|
|
|a 0060929790
|
| 020 |
|
|
|a 9780060929794
|
| 040 |
|
|
|a DLC
|c DLC
|d DLC
|d BD-DhAAL
|
| 041 |
1 |
|
|a eng
|h spa
|
| 043 |
|
|
|a cl-----
|
| 050 |
0 |
0 |
|a PQ8180.17.A73
|b C513 1998
|
| 082 |
0 |
0 |
|a 863
|2 21
|
| 100 |
1 |
|
|a García Márquez, Gabriel,
|d 1927-2014.
|9 26582
|
| 240 |
1 |
0 |
|a Cien años de soledad.
|l English
|
| 245 |
1 |
0 |
|a One hundred years of solitude /
|c Gabriel García Márquez ; translated from the Spanish by Gregory Rabassa.
|
| 260 |
|
|
|a New York :
|b Perennial Classics,
|c 1998.
|
| 300 |
|
|
|a 458 pages ;
|c 21 cm.
|
| 526 |
|
|
|a ARC
|
| 541 |
|
|
|e 33255
|
| 650 |
|
0 |
|a Macondo (Imaginary place)
|v Fiction.
|9 26583
|
| 651 |
|
0 |
|a Latin America
|x Social conditions
|v Fiction.
|9 26584
|
| 655 |
|
7 |
|a Epic literature.
|2 gsafd
|9 26585
|
| 700 |
1 |
|
|a Rabassa, Gregory.
|9 26586
|
| 852 |
|
|
|a Department of Architecture
|c General Stacks
|
| 942 |
|
|
|2 ddc
|c BK
|
| 952 |
|
|
|0 0
|1 0
|2 ddc
|4 0
|6 863_000000000000000_GAR
|7 0
|9 63595
|a BRACUL
|b BRACUL
|c GEN
|d 2018-07-07
|l 7
|m 71
|o 863 GAR
|p 3010033255
|q 2026-06-02
|r 2026-05-18
|s 2026-05-18
|t 1
|w 2018-07-07
|y BK
|x Transferred from ARC to BRACUL on 28/12/2023
|